Flamengo: Times históricos (2022) - Statistics

Estatísticas Gerais
  • Esse quiz foi jogado 524 vezes
  • A pontuação média é 29 de 32
Estatísticas das Respostas
Imagem Resposta % Correto
Arrascaeta
99%
David Luiz
99%
Filipe Luis
99%
Gabriel Barbosa
99%
Pedro
99%
Everton Ribeiro
98%
Rodinei
98%
Dorival Júnior
97%
Leo Pereira
97%
Santos
96%
Ayrton Lucas
95%
Bruno Henrique
95%
Diego Ribas
94%
Everton Cebolinha
94%
Arturo Vidal
92%
Fabrício Bruno
92%
Hugo Souza
92%
João Gomes
92%
Rodrigo caio
92%
Thiago Maia
92%
Willian Arão
92%
Andreas Pereira
90%
Marinho
90%
Vitinho
89%
Pablo
88%
Matheuzinho
87%
Paulo Sousa
77%
Mauricio Isla
74%
Gustavo Henrique
73%
Victor Hugo
73%
Lazaro
67%
Matheus França
62%
Nenhum quiz correspondente encontrado
Distribuição das Pontuações
Porcentagem de Pessoas com Cada Pontuação
Percentil de Números Respondidos
Sua Pontuação Histórica
Você não jogou esse quiz